La californiada / (Registro nro. 153906)

Detalles MARC
000 -LEADER
fixed length control field nam a22 7a 4500
005 - DATE AND TIME OF LATEST TRANSACTION
control field 20200128075622.0
008 - FIXED-LENGTH DATA ELEMENTS--GENERAL INFORMATION
fixed length control field 200128b mx ||||| |||| 00| 0 spa d
020 ## - INTERNATIONAL STANDARD BOOK NUMBER
International Standard Book Number 9685826056
050 04 - LIBRARY OF CONGRESS CALL NUMBER
Classification number PA8538.C3
Item number I88 1979
100 1# - MAIN ENTRY--PERSONAL NAME
Personal name Iturriaga, José Mariano de,
Relator term 1717-1787
110 ## - MAIN ENTRY--CORPORATE NAME
Corporate name or jurisdiction name as entry element Universidad Nacional Autónoma de México. Instituto de Investigaciones Filológicas
245 13 - TITLE STATEMENT
Title La californiada /
Statement of responsibility, etc José Mariano de Iturriaga
250 ## - EDITION STATEMENT
Edition statement 1a edición
260 ## - PUBLICATION, DISTRIBUTION, ETC. (IMPRINT)
Place of publication, distribution, etc México :
Name of publisher, distributor, etc Universidad Nacional Autónoma de México,
Date of publication, distribution, etc 1979.
300 ## - PHYSICAL DESCRIPTION
Extent 93 p. ;
Dimensions 21 cm.
490 0# - SERIES STATEMENT
Series statement Cuadernos del Centro de Estudios Clásicos,
Volume number/sequential designation No 7
650 #4 - SUBJECT ADDED ENTRY--TOPICAL TERM
Topical term or geographic name as entry element Baja California
General subdivision Poesia
942 ## - ADDED ENTRY ELEMENTS (KOHA)
Source of classification or shelving scheme Biblioteca del Cogreso de los Estados Unidos
Koha item type Libro
Existencias
Estado de pérdida Fuente de clasificación Estado del daño No para préstamo Ubicación permanente Ubicación actual Apartado o colección Fecha de adquisición Fuente de adquisición Edición Dependencia de educación superior (DES) Área del conocimiento Clasificación Código de Barras Date last seen Número de copia Costo por reposición Tipo de recurso
  Biblioteca del Cogreso de los Estados Unidos   Consulta Biblioteca de la Facultad de Filosofía Biblioteca de la Facultad de Filosofía Fondo "Luis Villoro" 28/01/2020 Donación 1a ed. Humanidades Educación y Humanidades PA8538.C3 I88 1979 BFF000034362 28/01/2020 C:1 1.00 Libro